Cartoons Quiz Stats

 Plays Quiz Updated Nov 14, 2014

Score 0/24 Timer 05:00
54 Plays Today
cartoon % Correct
The Simpsons
97.1%
SpongeBob SquarePants
96.4%
Scooby-Doo
96.2%
Tom and Jerry
94.6%
Smurfs
94.2%
South Park
93.9%
Popeye
92.3%
Care Bears
90.1%
Rugrats
90%
Teenage Mutant Ninja Turtles
86.1%
King of the Hill
81.7%
Futurama
81.5%
cartoon % Correct
Inspector Gadget
76.7%
Fat Albert
73.2%
Beavis and Butt-Head
73%
Ren and Stimpy
64.7%
Speed Racer
59.3%
He-Man (Masters of the Universe)
57.6%
Animaniacs
52%
Thundercats
46.9%
Invader ZIM
38.9%
Aqua Teen Hunger Force
33.9%
Space Ghost
25.8%
Captain Caveman
25.4%

You're not logged in!

Compare scores with friends on all Sporcle quizzes.
OR
Log In

Sporcle TV

Today on Sporcle TV


Watch our educational content, quiz creation guides, and fun videos on Sporcle TV.

Show Comments

Extras

Top Quizzes Today


Score Distribution

Your Account Isn't Verified!

In order to create a playlist on Sporcle, you need to verify the email address you used during registration. Go to your Sporcle Settings to finish the process.

Report this User

Report this user for behavior that violates our Community Guidelines.

Details: